Categorías de la epopeya / (Record no. 187206)

MARC details
000 -LEADER
campo de control de longitud fija 00982nam a2200253 i 4500
001 - NÚMERO DE CONTROL
campo de control 187206
003 - IDENTIFICADOR DE NÚMERO DE CONTROL
campo de control SpMaBN
005 - FECHA Y HORA DE LA ÚLTIMA TRANSACCIÓN
campo de control 20250628053940.0
008 - DATOS DE LONGITUD FIJA--INFORMACIÓN GENERAL
campo de control de longitud fija 170505s1988 ck |||| | spa d
080 ## - NÚMERO DE LA CLASIFICACIÓN DECIMAL UNIVERSAL
Número de la Clasificación Decimal Universal 875 Homero 7 Odisea.06
100 1# - ENTRADA PRINCIPAL--NOMBRE DE PERSONA
Nombre de persona Ramos, Óscar Gerardo.
9 (RLIN) 162555
245 10 - MENCIÓN DEL TÍTULO
Título Categorías de la epopeya /
Mención de responsabilidad, etc. Óscar Gerardo Ramos ; [prólogo, Ignacio Chaves Cuevas].
260 ## - PUBLICACIÓN, DISTRIBUCIÓN, ETC.
Lugar de publicación, distribución, etc. Bogotá :
Nombre del editor, distribuidor, etc. [Instituto Caro y Cuervo],
Fecha de publicación, distribución, etc. 1988 (
Fabricante Imp. Patriótica del Instituto Caro y Cuervo)
300 ## - DESCRIPCIÓN FÍSICA
Extensión 135 p. ;
Dimensiones 21 cm.
490 1# - MENCIÓN DE SERIE
Mención de serie Publicaciones del Instituto Caro y Cuervo.
-- Minor ;
Designación de volumen o secuencia 31
504 ## - NOTA DE BIBLIOGRAFÍA, ETC.
Nota de bibliografía, etc. Bibliografía: p. [129]-133.
600 07 - PUNTO DE ACCESO ADICIONAL DE MATERIA--NOMBRE DE PERSONA
Nombre de persona Homero.
Título de la obra La Odisea.
9 (RLIN) 64114
700 1# - ENTRADA AGREGADA--NOMBRE PERSONAL
Nombre de persona Chaves Cuevas, Ignacio.
9 (RLIN) 162544
710 2# - ENTRADA AGREGADA--NOMBRE DE ENTIDAD CORPORATIVA
Nombre de entidad corporativa o nombre de jurisdicción como elemento de entrada Instituto Caro y Cuervo.
9 (RLIN) 4806
830 0# - PUNTO DE ACCESO ADICIONAL DE SERIE-TÍTULO UNIFORME
Título uniforme Publicaciones del Instituto Caro y Cuervo.
-- Minor ;
Designación de volumen o secuencia 31
9 (RLIN) 192752
852 ## - LOCALIZACIÓN
Ubicación ES-MaACL
Ubicación en estantería Depósito 2
Donativo/Legado Donativo José Prat
Número de control de estantería L-31550
942 ## - ELEMENTOS DE ENTRADA SECUNDARIOS (KOHA)
Fuente del sistema de clasificación o colocación Clasificación decimal universal
Tipo de ítem Koha Libro impreso
Suprimir en OPAC No
Holdings
Estatus retirado Estado de pérdida Estado de daño No para préstamo Biblioteca de origen Biblioteca actual Ubicación en estantería Fecha de adquisición Fuente de adquisición Total de préstamos Signatura topográfica completa Código de barras Visto por última vez Precio de reemplazo Tipo de ítem Koha
        Biblioteca del Ateneo de Madrid Biblioteca del Ateneo de Madrid Depósito 2 05/05/2017     L-31550 1197535 23/02/2023 23/02/2023 Libro impreso